<?xml version='1.0' encoding='UTF-8'?>
  <record xmlns="http://www.loc.gov/MARC21/slim">
    <leader>00000nem a2200000 i 4500</leader>
    <controlfield tag="001">ocn980374828</controlfield>
    <controlfield tag="003">OCoLC</controlfield>
    <controlfield tag="005">20250504150935.2</controlfield>
    <controlfield tag="008">040609s1748    ne        u     0   fre d</controlfield>
    <datafield tag="040" ind1=" " ind2=" ">
      <subfield code="a">QGJ</subfield>
      <subfield code="b">dut</subfield>
      <subfield code="c">QGJ</subfield>
    </datafield>
    <datafield tag="035" ind1=" " ind2=" ">
      <subfield code="a">(OCoLC)980374828</subfield>
    </datafield>
    <datafield tag="084" ind1=" " ind2=" ">
      <subfield code="a">74.20</subfield>
      <subfield code="2">bcl</subfield>
    </datafield>
    <datafield tag="245" ind1="0" ind2="0">
      <subfield code="a">Carte particuliere d'une partie du Brabant Hollandois, du Gueldre et de Cleves, ou les environs de Grave, Ravestein, Helmont, Nimégue, Fort de Schenk, Cleves, Gennip, Emmerick &amp;c. /</subfield>
      <subfield code="c">J. Condet f. 1748.</subfield>
    </datafield>
    <datafield tag="255" ind1=" " ind2=" ">
      <subfield code="a">Schaal [ca. 1:110.000].</subfield>
    </datafield>
    <datafield tag="264" ind1=" " ind2="1">
      <subfield code="a">à Amsterdam :</subfield>
      <subfield code="b">par Covens et Mortier,</subfield>
      <subfield code="c">1748.</subfield>
    </datafield>
    <datafield tag="300" ind1=" " ind2=" ">
      <subfield code="a">1 krt. :</subfield>
      <subfield code="b">kopergrav. ;</subfield>
      <subfield code="c">44 x 55 cm</subfield>
    </datafield>
    <datafield tag="336" ind1=" " ind2=" ">
      <subfield code="a">cartografische afbeelding</subfield>
      <subfield code="b">cri</subfield>
      <subfield code="2">rdacontent/dut</subfield>
    </datafield>
    <datafield tag="337" ind1=" " ind2=" ">
      <subfield code="a">zonder medium</subfield>
      <subfield code="b">n</subfield>
      <subfield code="2">rdamedia/dut</subfield>
    </datafield>
    <datafield tag="338" ind1=" " ind2=" ">
      <subfield code="a">vel</subfield>
      <subfield code="b">nb</subfield>
      <subfield code="2">rdacarrier/dut</subfield>
    </datafield>
    <datafield tag="500" ind1=" " ind2=" ">
      <subfield code="a">Vierde stuk van een gemonteerde vierdelige kaart, geplakt op linnen, totale afmeting 44 x 220 cm, samen met: Carte particuliere de la plus grande partie de l'isle de Walcheren, Carte particuliere d'une partie de la Hollande, de la Zelande, et du Brabant Hollandois ..., en: Carte particuliere d'une partie de la Hollande, et du Brabant Hollandois.</subfield>
    </datafield>
    <datafield tag="562" ind1=" " ind2=" ">
      <subfield code="a">ex. *VIII*.B.b.66: met de hand ingetekende en ingekleurde inundatiegebieden van de hand van Capt. Ingenieur J. van Westenhout (gesigneerd onderkant rechterblad).</subfield>
      <subfield code="5">NL-UtRU</subfield>
    </datafield>
    <datafield tag="500" ind1=" " ind2=" ">
      <subfield code="a">Met schaalstok: 1 lieue de Brabant.</subfield>
    </datafield>
    <datafield tag="651" ind1=" " ind2="7">
      <subfield code="a">Gelderland.</subfield>
      <subfield code="0">(NL-LeOCL)089791827.</subfield>
      <subfield code="2">gtt</subfield>
    </datafield>
    <datafield tag="651" ind1=" " ind2="7">
      <subfield code="a">Kleef (hertogdom)</subfield>
      <subfield code="0">(NL-LeOCL)078561027.</subfield>
      <subfield code="2">gtt</subfield>
    </datafield>
    <datafield tag="651" ind1=" " ind2="7">
      <subfield code="a">Oost-Brabant.</subfield>
      <subfield code="0">(NL-LeOCL)078613655.</subfield>
      <subfield code="2">gtt</subfield>
    </datafield>
    <datafield tag="655" ind1=" " ind2="7">
      <subfield code="a">Kaarten (vorm)</subfield>
      <subfield code="0">(NL-LeOCL)088143554.</subfield>
      <subfield code="2">gtt</subfield>
    </datafield>
    <datafield tag="700" ind1="1" ind2=" ">
      <subfield code="a">Condet, Johannes,</subfield>
      <subfield code="d">1711-1781.</subfield>
    </datafield>
    <datafield tag="936" ind1=" " ind2=" ">
      <subfield code="a">BATCHLOAD</subfield>
    </datafield>
  </record>